Statistics for GAA All Ireland Football Winning Team 2019

Click here to take the quiz!

General Stats

  • This quiz has been taken 77 times
  • The average score is 14 of 22

Answer Stats

PositionPlayer% Correct
GKS. Cluxton
98%
MFB. Fenton
90%
LFFD. Rock
86%
ManagerJ. Gavin
84%
CHFC. Kilkenny
83%
CFFC. O'Callaghan
72%
CHBJ. Cooper
72%
MFJ. McCarthy
72%
LHBJ. McCaffrey
62%
CFBM. Fitzsimons
62%
RFFP. Mannion
62%
SUBP. McMahon
62%
SUBD. Connolly
59%
RHBJ. Small
59%
RHFN. Scully
57%
LHFB. Howard
53%
RFBE. Murchan
53%
SUBC. Costello
50%
SUBM. D. MacAuley
50%
SUBC. O'Sullivan
41%
LFBD. Byrne
40%
SUBK. McManamon
24%

Score Distribution

Percentile by Number Answered

Percent of People with Each Score

Your Score History

You have not taken this quiz